000 00372nam a2200121Ia 4500
008 230907s9999||||xx |||||||||||||| ||und||
082 _a697.1
_bBAS
100 _aBas, Ed,
_9115793
245 0 _aIndoor air quality : a guide for facility managers /
260 _aFairmont Press ; | Marcel Dekker,
_bLilburn, Ga. : | New York :
_c2004
300 _axv, 383 p. :
942 _cBK
999 _c599564
_d599564